000 00500nam a2200181Ia 4500
005 20250326130814.0
008 250326s9999 xx 000 0 und d
037 _aTextbook
040 _aFMSL
_beng
_cFMSL
041 _aeng
_2eng
084 _aL(X) Q4
_qFMSL
100 _aBlomquist G C
_9741412
245 0 _aPreference measurement in health
_cBlomquist G C; Bolin K
260 _aIndia
_bIndia, Emerald
_c2014
300 _a297p
942 _cTB
_hL(X) Q4
999 _c1284195
_d1284195